| 000 | 01288nam a2200409 i 4500 | ||
|---|---|---|---|
| 001 | 991053164758905066 | ||
| 003 | NyNyJPI | ||
| 005 | 20260413193818.0 | ||
| 008 | 260105s2025 pl oc |000 p pol c | ||
| 009 | b1000007573343 | ||
| 015 | _aUWD 2026/672 | ||
| 020 |
_a9788381832809 _q(oprawa miękka) |
||
| 035 | _a(PL)b1000007573343 | ||
| 035 | _a(EXLNZ-48OMNIS_NETWORK)9915255966005606 | ||
| 040 |
_aWA N _cWA N _dWA N _dKR U |
||
| 046 | _k2025 | ||
| 080 | _a821.162.1-1 | ||
| 084 | _a04 | ||
| 100 | 1 |
_aGruszka-Zych, Barbara _d(1960- ) _eAutor |
|
| 245 | 1 | 0 |
_aCałuj ten świat / _cBarbara Gruszka-Zych. |
| 260 |
_aKatowice : _bŚląsk, _c2025. |
||
| 300 |
_a98, [2] strony : _bfotografie, portrety ; _c21 cm. |
||
| 336 |
_aTekst _btxt _2rdacontent |
||
| 337 |
_aBez urządzenia pośredniczącego _bn _2rdamedia |
||
| 338 |
_aWolumin _bnc _2rdacarrier |
||
| 380 | _aKsiążki | ||
| 380 | _aPoezja | ||
| 386 |
_mPrzynależność kulturowa _aLiteratura polska |
||
| 388 | 1 | _a2001- | |
| 490 | 1 | _aPoezja | |
| 500 | _aNa okładce: Gdzieś wysoko szeleszczą chmury. | ||
| 655 | 7 |
_aWiersze _2DBN |
|
| 700 | 1 |
_aLityński, Grzegorz _eFotografie |
|
| 710 | 2 |
_aWydawnictwo Naukowe Śląsk _eWydawca _4pbl |
|
| 830 | 0 | _aPoezja (Wydawnictwo Naukowe Śląsk) | |
| 942 |
_2z _cBK _n0 |
||
| 999 |
_c91108 _d91108 |
||